000 01193nam a2200253Ia 4500
003 OSt
005 20220923211104.0
006 a|||||r|||| 00| 0
007 ta
008 220922b |||||||| |||| 00| 0 hin d
020 _a8179170624 (hbk)
_c450
024 _a245,561
037 _b372, 11/02/2011, Swaraj Prakashan
_cTextual
040 _aARTS
_cARTS
_bhin
041 _2hin
_ahin
082 _aX:3260a4, 152P6
100 _aमैैक्चेस्नी, रॉबर्ट डब्ल्यू., संपा.
_9158068
245 0 _aपूंजीवाद और सूचना का युग
_b भूमंडलीय संचार क्रांति की राजनीतिक अर्थव्यवस्था
246 _aPūanjīvād aur sūchanā kā yuga: bhūhinḍalīya sanchār krāanti kī rājanītik arthavyavasthā
260 _aदिल्ली
_b ग्रंथ शिल्पी
_c2006
300 _a265पृ.
_ccm.
942 _hX:3260a4, 152P6
_cTEXL
_2CC
999 _c295069
_d295069